| 000 | 01171nam a22003131 4500 | ||
|---|---|---|---|
| 001 | 001008756 | ||
| 003 | DO-SdBPM | ||
| 005 | 20260210093950.0 | ||
| 007 | ta | ||
| 008 | 920725s1997 sp spa | ||
| 020 | _a9580440840 | ||
| 035 | _a | ||
| 040 |
_aDO-SdBPM _bspa _cBPMSU _erda |
||
| 082 | 4 |
_a658.001 _bB639a 1997 _222 |
|
| 100 | 1 |
_aBlanchard, Kenneth _eautor _4aut. |
|
| 245 | 1 | 0 |
_aAdministración por valores : _bcómo lograr el éxito de la organización y personal mediante el compromiso con una misión y unos valores compartidos / _cKen Blanchard, Michael O'Connor ; traducción Jorge Cárdenas Nannetti. _h |
| 250 | _a | ||
| 264 |
_aMéxico : _bGrupo editorial norma, _c1997 |
||
| 300 |
_a150 páginas : _bilustraciones ; _c24 cm. |
||
| 534 |
_pTítulo original. : _tManaging by values. |
||
| 590 | _aInventariado, 2026/VM | ||
| 650 | 7 |
_aAdministración de empresas _vTeorías. _2 |
|
| 650 | 7 | _aCambio organizacional. | |
| 650 | 7 | _aPerfecionamiento ocupacional | |
| 700 | 1 |
_aCárdenas Nannetti, Jorge, _d1906-2008. _e traductor |
|
| 700 | 1 |
_aO'Connor, Michael. _e |
|
| 910 | _aVMateo V. Control de calidad. BPMSU | ||
| 942 |
_2ddc _cBK |
||
| 999 |
_c15676 _d15676 |
||